| 000 | 00373nam a2200157Ia 4500 | ||
|---|---|---|---|
| 008 | 230516s1993 xx 000 0 und d | ||
| 041 | _amar | ||
| 082 | _a491.46 PHA | ||
| 100 | _aPHADAKE BHALCHANDRA | ||
| 245 | _aKUMARBHARATI STD. 10TH | ||
| 250 | _aREPRI | ||
| 260 |
_aPUNE _c1993 |
||
| 300 | _a160 | ||
| 650 | _aMARATHI | ||
| 906 | _aKUMARBHARATI STD. 10TH, MARATHI | ||
| 999 |
_c356401 _d356401 |
||